[Event "Titled Tuesday intern op 01st Aug Late"]
[Site "Chess.com INT"]
[Date "2023.08.01"]
[Round "3"]
[White "Manukyan, Sargis V"]
[Black "Lacasa Diaz, Jose Antonio"]
[Result "1-0"]
[WhiteElo "2253"]
[BlackElo "2367"]
[PlyCount "111"]
[EventDate "2023.08.01"]
[EventType "swiss (blitz)"]
[EventRounds "11"]
[EventCountry "USA"]
[SourceTitle "EXT 2024"]
[Source "ChessBase"]
[SourceDate "2023.10.10"]
[SourceVersion "1"]
[SourceVersionDate "2023.10.10"]
[SourceQuality "1"]

1. d4 d5 2. c4 e6 3. Nc3 c5 4. cxd5 exd5 5. Nf3 Nc6 6. g3 Nf6 7. Bg2 cxd4 8. Nxd4 Bc5 9. Nb3 Bb6 10. Nxd5 Be6 11. Nxb6 Qxd1+ 12. Kxd1 axb6 13. Nd2 0-0 14. e3 Rfe8 15. b3 Rad8 16. Bxc6 bxc6 17. Ke2 Bf5 18. Rd1 Bd3+ 19. Ke1 Bc2 20. Bb2 Bxd1 21. Rxd1 Ne4 22. Nxe4 Rxd1+ 23. Kxd1 Rxe4 24. a4 Re8 25. Kc2 g6 26. Bd4 b5 27. a5 Ra8 28. Bb6 Kf8 29. Kc3 Ke7 30. Kd4 Kd6 31. e4 f6 32. f4 h5 33. b4 h4 34. Bc5+ Ke6 35. g4 f5 36. exf5+ gxf5 37. g5 h3 38. Ke3 Rd8 39. a6 Kd5 40. a7 Kc4 41. g6 Rg8 42. g7 Ra8 43. Bf8 Rxa7 44. g8Q+ Kc3 45. Qe6 Ra3 46. Qxf5 Kb2+ 47. Ke4 Ra4 48. Qe5+ Kb3 49. f5 Ra1 50. Qxa1 c5 51. bxc5 b4 52. c6 Kc2 53. c7 b3 54. c8Q+ Kd2 55. Qb2+ Ke1 56. Qcc1# 1-0

[Event "Titled Tuesday intern op 01st Aug Late"]
[Site "Chess.com INT"]
[Date "2023.08.01"]
[Round "4"]
[White "Silva Lucena, Cristian"]
[Black "Manukyan, Sargis V"]
[Result "0-1"]
[WhiteElo "2292"]
[BlackElo "2253"]
[PlyCount "124"]
[EventDate "2023.08.01"]
[EventType "swiss (blitz)"]
[EventRounds "11"]
[EventCountry "USA"]
[SourceTitle "EXT 2024"]
[Source "ChessBase"]
[SourceDate "2023.10.10"]
[SourceVersion "1"]
[SourceVersionDate "2023.10.10"]
[SourceQuality "1"]

1. e4 e6 2. d4 d5 3. e5 c5 4. c3 Nc6 5. Nf3 Nh6 6. a3 Nf5 7. b4 cxd4 8. cxd4 Bd7 9. Bb2 b5 10. Bxb5 Nxe5 11. Bxd7+ Nxd7 12. 0-0 Nb6 13. Nbd2 Rc8 14. Rc1 Be7 15. Ne5 0-0 16. Nb3 Nc4 17. Nxc4 Rxc4 18. Na5 Rxc1 19. Qxc1 Bf6 20. Rd1 Qb6 21. Nb3 h5 22. Nc5 Qd6 23. Qd2 h4 24. h3 g6 25. a4 Rc8 26. Qe2 Bg7 27. Qd2 Bh6 28. Qd3 Bf8 29. a5 Qf4 30. Bc1 Qb8 31. Qa3 Bg7 32. Be3 Nxe3 33. fxe3 Qg3 34. Qd3 e5 35. Qd2 Bh6 36. Qd3 Bxe3+ 37. Kh1 exd4 38. Rf1 Rb8 39. b5 Qd6 40. Na6 Rc8 41. Qb3 Rc3 42. Qa2 d3 43. b6 axb6 44. axb6 Bxb6 45. Qa4 Rc8 46. Qg4 Rf8 47. Nb4 d2 48. Nd3 Be3 49. Qf3 Qe6 50. Nb4 d4 51. Nd5 Kg7 52. Nc7 Qe5 53. Nd5 f5 54. Nb4 Qe4 55. Qe2 Rc8 56. Nd3 Rc3 57. Nf2 Bxf2 58. Qxf2 Rc1 59. Kh2 Rxf1 60. Qxf1 Qe1 61. Qc4 Qg3+ 62. Kg1 d1Q+ 0-1

[Event "Titled Tuesday intern op 13th Jun Late"]
[Site "Chess.com INT"]
[Date "2023.06.13"]
[Round "3"]
[White "Manukyan, Sargis V"]
[Black "Melikhov, Evgeny V"]
[Result "1-0"]
[WhiteElo "2253"]
[BlackElo "2271"]
[PlyCount "91"]
[EventDate "2023.06.13"]
[EventType "swiss (blitz)"]
[EventRounds "11"]
[EventCountry "USA"]
[SourceTitle "EXT 2024"]
[Source "ChessBase"]
[SourceDate "2023.10.10"]
[SourceVersion "1"]
[SourceVersionDate "2023.10.10"]
[SourceQuality "1"]

1. Nf3 f5 2. c4 Nf6 3. g3 g6 4. Bg2 Bg7 5. 0-0 0-0 6. Nc3 d6 7. d4 Qe8 8. d5 a5 9. Nb5 Na6 10. Be3 Bd7 11. Nbd4 Nc5 12. b3 h6 13. h3 Rc8 14. Rb1 c6 15. Qd2 Kh7 16. dxc6 bxc6 17. Qxa5 e5 18. Nc2 Nce4 19. Qa3 g5 20. Nd2 Nc3 21. Qxd6 Nxb1 22. Nxb1 f4 23. Bc5 Bf5 24. Qd2 Rf7 25. Nc3 Rd7 26. Qc1 Qg6 27. Nb4 e4 28. g4 Be6 29. Qc2 f3 30. exf3 Kh8 31. Nxe4 Nxe4 32. Qxe4 Qxe4 33. fxe4 Be5 34. a4 Rd2 35. Rb1 Rb2 36. Rxb2 Bxb2 37. e5 Bxe5 38. Nxc6 Bc3 39. a5 Bxa5 40. Bd4+ Kg8 41. Nxa5 Rd8 42. Be5 Rd1+ 43. Kh2 Rb1 44. c5 Bxb3 45. Nxb3 Rxb3 46. Bd5+ 1-0

[Event "Titled Tuesday intern op 13th Jun Late"]
[Site "Chess.com INT"]
[Date "2023.06.13"]
[Round "4"]
[White "Yeritsyan, Hayk"]
[Black "Manukyan, Sargis V"]
[Result "0-1"]
[WhiteElo "2241"]
[BlackElo "2253"]
[PlyCount "160"]
[EventDate "2023.06.13"]
[EventType "swiss (blitz)"]
[EventRounds "11"]
[EventCountry "USA"]
[SourceTitle "EXT 2024"]
[Source "ChessBase"]
[SourceDate "2023.10.10"]
[SourceVersion "1"]
[SourceVersionDate "2023.10.10"]
[SourceQuality "1"]

1. d4 e6 2. Nf3 Nf6 3. Bf4 b6 4. e3 Bb7 5. h3 Bd6 6. Bxd6 cxd6 7. Be2 Nc6 8. 0-0 0-0 9. Nbd2 Rc8 10. Nc4 Qe7 11. c3 Ne4 12. Ncd2 d5 13. Nxe4 dxe4 14. Nd2 f5 15. Rc1 Qg5 16. Qe1 Ne7 17. f4 exf3 18. Bxf3 Ba6 19. Rf2 Ng6 20. Be2 Bb7 21. Bf3 Ba6 22. Be2 Bb7 23. Bf3 d5 24. Bd1 Rf6 25. Nf3 Qh6 26. Bb3 f4 27. exf4 Nxf4 28. Qd2 Rcf8 29. Rcf1 Ba6 30. Re1 Nxh3+ 31. gxh3 Qxh3 32. Bd1 Rg6+ 33. Rg2 Rh6 34. Rh2 Qg3+ 35. Qg2 Rxf3 36. Qxg3 Rxg3+ 37. Rg2 Rxg2+ 38. Kxg2 Rf6 39. Bg4 Kf7 40. Kg3 Bd3 41. Re3 Be4 42. a3 g6 43. Be2 h5 44. c4 g5 45. Bxh5+ Ke7 46. Be2 Kd6 47. b4 Rf8 48. c5+ bxc5 49. bxc5+ Kc6 50. Rb3 Rf4 51. Bb5+ Kc7 52. Ba6 Bf5 53. Rb7+ Kc6 54. Rxa7 Rxd4 55. Bc8 Kxc5 56. Re7 Kd6 57. Rg7 Rd3+ 58. Kf2 g4 59. a4 Ra3 60. Bd7 Ke5 61. Bb5 Ra2+ 62. Ke1 Ra3 63. Kd2 Kf4 64. Kc1 g3 65. Kb2 Re3 66. a5 Be4 67. a6 d4 68. a7 g2 69. Rf7+ Ke5 70. Rg7 Re1 71. Rg5+ Kf6 72. Rg8 g1Q 73. Rxg1 Rxg1 74. Kb3 Ke5 75. Kb4 Rb1+ 76. Ka5 Rxb5+ 77. Kxb5 d3 78. Kb6 d2 79. Kc7 d1Q 80. Kb8 Qb3+ 0-1

[Event "Titled Tuesday intern op 06th Jun Early"]
[Site "Chess.com INT"]
[Date "2023.06.06"]
[Round "4"]
[White "Aravindh, Chithambaram VR"]
[Black "Manukyan, Sargis V"]
[Result "1-0"]
[WhiteElo "2627"]
[BlackElo "2253"]
[PlyCount "51"]
[EventDate "2023.06.06"]
[EventType "swiss (blitz)"]
[EventRounds "11"]
[EventCountry "USA"]
[SourceTitle "EXT 2024"]
[Source "ChessBase"]
[SourceDate "2023.10.10"]
[SourceVersion "1"]
[SourceVersionDate "2023.10.10"]
[SourceQuality "1"]

1. b3 a5 2. Bb2 a4 3. b4 d5 4. Nf3 Nf6 5. e3 e6 6. a3 c5 7. b5 Nbd7 8. c4 Nb6 9. d3 dxc4 10. dxc4 Qxd1+ 11. Kxd1 Bd6 12. Bd3 0-0 13. Ke2 Re8 14. Rd1 e5 15. e4 Nh5 16. g3 f5 17. Nc3 Nf6 18. Bb1 Nxc4 19. Ba2 Be6 20. exf5 Bf7 21. Ng5 Be7 22. Nxf7 Nxb2 23. Rd2 c4 24. Ng5 Bxa3 25. Nb1 h5 26. Nxa3 1-0

[Event "Titled Tuesday intern op 06th Jun Early"]
[Site "Chess.com INT"]
[Date "2023.06.06"]
[Round "7"]
[White "Bryakin, Mikhail"]
[Black "Manukyan, Sargis V"]
[Result "1-0"]
[WhiteElo "2451"]
[BlackElo "2253"]
[PlyCount "71"]
[EventDate "2023.06.06"]
[EventType "swiss (blitz)"]
[EventRounds "11"]
[EventCountry "USA"]
[SourceTitle "EXT 2024"]
[Source "ChessBase"]
[SourceDate "2023.10.10"]
[SourceVersion "1"]
[SourceVersionDate "2023.10.10"]
[SourceQuality "1"]

1. e4 e6 2. d4 d5 3. Nc3 Bb4 4. e5 c5 5. Bd2 Ne7 6. Nb5 Bxd2+ 7. Qxd2 0-0 8. Nf3 cxd4 9. Bd3 Nbc6 10. 0-0 Ng6 11. Bxg6 fxg6 12. Nbxd4 h6 13. b4 Bd7 14. Nxc6 Bxc6 15. Nd4 Bd7 16. f4 Rc8 17. c3 a5 18. a3 Qc7 19. Rf3 g5 20. f5 exf5 21. e6 Be8 22. Nxf5 Bh5 23. Rf2 Kh7 24. e7 Rf6 25. Re1 Re8 26. Qd4 Bg6 27. Nxg7 Rxe7 28. Rxe7 Qxe7 29. Qxf6 Qxf6 30. Rxf6 Kxg7 31. Rb6 axb4 32. Rxb7+ Kf6 33. axb4 Bd3 34. Rb6+ Kg7 35. Rd6 Bc4 36. Kf2 1-0

[Event "Titled Tuesday intern op 06th Jun Early"]
[Site "Chess.com INT"]
[Date "2023.06.06"]
[Round "5"]
[White "Rustemov, Alexander"]
[Black "Manukyan, Sargis V"]
[Result "1-0"]
[WhiteElo "2525"]
[BlackElo "2253"]
[PlyCount "129"]
[EventDate "2023.06.06"]
[EventType "swiss (blitz)"]
[EventRounds "11"]
[EventCountry "USA"]
[SourceTitle "EXT 2024"]
[Source "ChessBase"]
[SourceDate "2023.10.10"]
[SourceVersion "1"]
[SourceVersionDate "2023.10.10"]
[SourceQuality "1"]

1. d4 Nf6 2. c4 c5 3. d5 e6 4. Nc3 exd5 5. cxd5 Bd6 6. e4 0-0 7. Nf3 Re8 8. Bg5 h6 9. Bxf6 Qxf6 10. Bd3 Bc7 11. 0-0 d6 12. h3 a6 13. a4 Nd7 14. Nd2 Rb8 15. a5 Ne5 16. Be2 Ng6 17. Nc4 Bd7 18. Re1 Nf4 19. Bf1 Qg5 20. Kh2 Bb5 21. Qf3 Bxc4 22. Bxc4 Ng6 23. Bf1 Ne5 24. Qe3 Qd8 25. f4 Ng6 26. Qf3 Bxa5 27. g3 Bxc3 28. Qxc3 Qb6 29. Bg2 Rbc8 30. e5 dxe5 31. fxe5 Qb4 32. e6 Qxc3 33. bxc3 fxe6 34. dxe6 Rc7 35. Reb1 Ree7 36. Rb6 Ne5 37. Rab1 Nc6 38. Re1 g5 39. Bd5 Kg7 40. Kg2 Nd8 41. c4 Nc6 42. Reb1 Nb4 43. Kf3 Kf6 44. Ke4 Kg7 45. Ke5 Nc6+ 46. Kd6 Nd4 47. Rxb7 Rxb7 48. Rxb7 Rxb7 49. Bxb7 Kf6 50. Bxa6 Nf5+ 51. Kxc5 Ne7 52. Kd6 Nf5+ 53. Kd7 Ne7 54. c5 h5 55. Be2 Nd5 56. c6 Ne7 57. c7 Ng6 58. c8Q Ne5+ 59. Kd6 g4 60. Qh8+ Kg5 61. Qxe5+ Kh6 62. Qf6+ Kh7 63. Bd3+ Kg8 64. Qf7+ Kh8 65. Qh7# 1-0

[Event "Titled Tuesday intern op 30th May Late"]
[Site "Chess.com INT"]
[Date "2023.05.30"]
[Round "1"]
[White "Smieszek, Wojciech"]
[Black "Manukyan, Sargis V"]
[Result "1/2-1/2"]
[WhiteElo "2078"]
[BlackElo "2253"]
[PlyCount "87"]
[EventDate "2023.05.30"]
[EventType "swiss (blitz)"]
[EventRounds "11"]
[EventCountry "USA"]
[SourceTitle "CBM 214 Extra"]
[Source "ChessBase"]
[SourceDate "2023.07.31"]
[SourceVersion "1"]
[SourceVersionDate "2023.07.31"]
[SourceQuality "1"]

1. e4 e6 2. d4 d5 3. Bd3 dxe4 4. Bxe4 Nf6 5. Bf3 c5 6. Ne2 Be7 7. 0-0 0-0 8. Be3 Qc7 9. g3 Rd8 10. c3 cxd4 11. cxd4 Nc6 12. Nbc3 Nb4 13. Rc1 Qa5 14. a3 Nbd5 15. Bd2 Nxc3 16. Nxc3 Qf5 17. Be3 Bd7 18. d5 Nxd5 19. Nxd5 exd5 20. Qxd5 Qxd5 21. Bxd5 Bh3 22. Bxb7 Rab8 23. Bg2 Bxg2 24. Kxg2 Rxb2 25. Rc7 Bxa3 26. Rxa7 Bb4 27. Rfa1 h5 28. Ra8 Rxa8 29. Rxa8+ Kh7 30. Rb8 Bc3 31. Rxb2 Bxb2 32. h3 Kg6 33. Kf3 Kf5 34. g4+ hxg4+ 35. hxg4+ Ke6 36. Ke4 g6 37. f4 f5+ 38. gxf5+ gxf5+ 39. Kf3 Kd5 40. Ba7 Bd4 41. Bb8 Kc4 42. Bc7 Kd3 43. Bb8 Bb6 44. Bd6 1/2-1/2

[Event "Titled Tuesday intern op 09th May Early"]
[Site "Chess.com INT"]
[Date "2023.05.09"]
[Round "2"]
[White "Beerdsen, Thomas"]
[Black "Manukyan, Sargis V"]
[Result "1-0"]
[WhiteElo "2507"]
[BlackElo "2253"]
[PlyCount "65"]
[EventDate "2023.05.09"]
[EventType "swiss (blitz)"]
[EventRounds "11"]
[EventCountry "USA"]
[SourceTitle "CBM 214 Extra"]
[Source "ChessBase"]
[SourceDate "2023.07.31"]
[SourceVersion "1"]
[SourceVersionDate "2023.07.31"]
[SourceQuality "1"]

1. e4 e6 2. c4 d5 3. cxd5 exd5 4. Qb3 dxe4 5. Nc3 Nf6 6. Bc4 Qe7 7. d3 exd3+ 8. Kf1 Nc6 9. Bg5 Nd4 10. Qa4+ Bd7 11. Bxf7+ Qxf7 12. Qxd4 0-0-0 13. Qxa7 Bc6 14. Rd1 Qc4 15. Qa8+ Kd7 16. Qa5 Bc5 17. Nf3 Rhe8 18. b3 Bb4 19. Qf5+ Qe6 20. Rxd3+ Kc8 21. Rxd8+ Kxd8 22. Qd3+ Kc8 23. Be3 Bxf3 24. gxf3 Rd8 25. Qc2 Bxc3 26. Qxc3 Nd5 27. Qc1 Qh3+ 28. Ke2 Rf8 29. f4 Qg4+ 30. Ke1 Qf3 31. Rg1 Re8 32. Rxg7 Nxe3 33. Qxc7# 1-0

[Event "Titled Tuesday intern op 09th May Early"]
[Site "Chess.com INT"]
[Date "2023.05.09"]
[Round "10"]
[White "Manukyan, Sargis V"]
[Black "Andreikin, Dmitry"]
[Result "0-1"]
[WhiteElo "2253"]
[BlackElo "2729"]
[PlyCount "52"]
[EventDate "2023.05.09"]
[EventType "swiss (blitz)"]
[EventRounds "11"]
[EventCountry "USA"]
[SourceTitle "CBM 214 Extra"]
[Source "ChessBase"]
[SourceDate "2023.07.31"]
[SourceVersion "1"]
[SourceVersionDate "2023.07.31"]
[SourceQuality "1"]

1. d4 Nf6 2. c4 c5 3. d5 b5 4. cxb5 a6 5. bxa6 Bxa6 6. Nc3 g6 7. Nf3 Bg7 8. e4 Bxf1 9. Kxf1 d6 10. a4 0-0 11. g3 Nbd7 12. Kg2 Qa5 13. Bd2 Rfb8 14. Nb5 Qa6 15. Nc7 Qb7 16. Nxa8 Nxe4 17. Re1 Ndf6 18. Bc3 Qxa8 19. Bxf6 Nxf6 20. Rxe7 Nxd5 21. Re1 Rxb2 22. a5 Bd4 23. Qa4 Nf4+ 24. gxf4 Rxf2+ 25. Kg1 Rf1+ 26. Kxf1 Qxf3# 0-1

[Event "Titled Tuesday intern op 09th May Early"]
[Site "Chess.com INT"]
[Date "2023.05.09"]
[Round "6"]
[White "Manukyan, Sargis V"]
[Black "Klukin, Kirill"]
[Result "0-1"]
[WhiteElo "2253"]
[BlackElo "2390"]
[PlyCount "62"]
[EventDate "2023.05.09"]
[EventType "swiss (blitz)"]
[EventRounds "11"]
[EventCountry "USA"]
[SourceTitle "CBM 214 Extra"]
[Source "ChessBase"]
[SourceDate "2023.07.31"]
[SourceVersion "1"]
[SourceVersionDate "2023.07.31"]
[SourceQuality "1"]

1. d4 Nf6 2. c4 c5 3. d5 b5 4. cxb5 a6 5. b6 Qxb6 6. Nc3 d6 7. e4 g6 8. Nf3 Bg7 9. Be2 0-0 10. 0-0 Bg4 11. Rb1 Bxf3 12. Bxf3 a5 13. Be2 Na6 14. Bg5 Rfe8 15. Bb5 Reb8 16. Qe2 Ra7 17. f4 Nc7 18. a4 Nxb5 19. Nxb5 Rab7 20. Rbd1 Qa6 21. e5 Ne8 22. Kh1 Nc7 23. exd6 exd6 24. f5 Nxb5 25. axb5 Qxb5 26. Qf3 Qxb2 27. f6 Bf8 28. h4 h5 29. Rde1 a4 30. Re7 a3 31. Rfe1 a2 0-1

[Event "Titled Tuesday intern op 09th May Early"]
[Site "Chess.com INT"]
[Date "2023.05.09"]
[Round "11"]
[White "Wagner, Dennis"]
[Black "Manukyan, Sargis V"]
[Result "1-0"]
[WhiteElo "2595"]
[BlackElo "2253"]
[PlyCount "123"]
[EventDate "2023.05.09"]
[EventType "swiss (blitz)"]
[EventRounds "11"]
[EventCountry "USA"]
[SourceTitle "CBM 214 Extra"]
[Source "ChessBase"]
[SourceDate "2023.07.31"]
[SourceVersion "1"]
[SourceVersionDate "2023.07.31"]
[SourceQuality "1"]

1. d4 Nf6 2. Nf3 c5 3. d5 e6 4. Nc3 exd5 5. Nxd5 Nxd5 6. Qxd5 Be7 7. Ng5 0-0 8. h4 Nc6 9. c3 d6 10. Bf4 h6 11. e3 hxg5 12. hxg5 g6 13. Bc4 Be6 14. Qf3 Kg7 15. 0-0-0 Bxc4 16. Rh7+ Kg8 17. Rdh1 f5 18. Qh3 Bxg5 19. Rg7+ Kxg7 20. Qh7+ Kf6 21. Bxg5+ Ke6 22. Bxd8 Raxd8 23. Qxg6+ Rf6 24. Qg7 Rd7 25. Qg8+ Rdf7 26. b3 Bd5 27. f3 Kd7 28. Rh8 Kc7 29. Qc8+ Kb6 30. Qg8 Be6 31. Qg3 f4 32. exf4 Rxf4 33. Qe1 Bd7 34. Rh6 Re7 35. Qd2 Rf5 36. Rxd6 Rfe5 37. Rxd7 Re1+ 38. Kc2 R7e2 39. g4 Rxd2+ 40. Rxd2 Rf1 41. Rd3 Ne5 42. Rd6+ Kc7 43. Rd5 Nxf3 44. Rxc5+ Kb6 45. Rf5 Nh2 46. Rxf1 Nxf1 47. g5 Ne3+ 48. Kd3 Nf5 49. g6 Kc6 50. Ke4 Ng7 51. Ke5 Kc5 52. Kf6 Nh5+ 53. Kf7 b5 54. g7 Nxg7 55. Kxg7 b4 56. c4 a5 57. Kf6 a4 58. Ke5 a3 59. Ke4 Kc6 60. Kd4 Kd6 61. c5+ Kc6 62. Kc4 1-0